[Event "Lichtenberger Sommer 2018"]
[Site "?"]
[Date "2018.08.19"]
[Round "2.82"]
[White "Kapp, Frank"]
[Black "Koerber, Bernhard"]
[Result "1-0"]
[WhiteElo "1874"]
[BlackElo "1552"]
[PlyCount "37"]
[EventDate "2018.??.??"]
[WhiteTeam "TSV IFA Chemnitz"]
[BlackTeam "Lasker Steglitz-Wilmersdorf"]

1. d4 Nf6 2. Bf4 g6 3. Nf3 Bg7 4. e3 d5 5. Bd3 c5 6. c3 O-O 7. dxc5 Bg4 8. Qc2
Nc6 9. Ne5 Nxe5 10. Bxe5 Rc8 11. h3 Bd7 12. b4 a6 13. O-O Qe8 14. Nd2 Bb5 15.
Bxb5 Qxb5 16. a4 Qc6 17. a5 Rfd8 18. Nf3 Nd7 19. Nd4 1-0

[Event "Lichtenberger Sommer 2018"]
[Site "?"]
[Date "2018.08.19"]
[Round "2.83"]
[White "Wilke, Hans-Peter"]
[Black "Schindler, Rudolf"]
[Result "1/2-1/2"]
[WhiteElo "1515"]
[BlackElo "1835"]
[PlyCount "63"]
[EventDate "2018.??.??"]
[WhiteTeam "Läufer Reinickendorf"]
[BlackTeam "Lasker Steglitz-Wilmersdorf"]

1. d4 d5 2. Nf3 Nf6 3. Bf4 e6 4. e3 Be7 5. Nbd2 Nbd7 6. c3 Nh5 7. Bg3 Nxg3 8.
hxg3 Nf6 9. Bd3 Qd6 10. Ne5 Nd7 11. Ndf3 Nxe5 12. Nxe5 Bf6 13. f4 Bxe5 14. fxe5
Qe7 15. Qg4 g6 16. O-O-O Bd7 17. Rh6 O-O-O 18. Rdh1 Kb8 19. Rxh7 Rxh7 20. Rxh7
Qf8 21. Qf4 Be8 22. Bxg6 f5 23. Bxe8 Rxe8 24. Kc2 Qg8 25. Rh4 b6 26. g4 fxg4
27. Qxg4 Qf7 28. Qf4 Qg6+ 29. Kb3 Qd3 30. a3 Qc4+ 31. Kc2 Qe2+ 32. Kb3 1/2-1/2

[Event "Lichtenberger Sommer 2018"]
[Site "?"]
[Date "2018.08.19"]
[Round "2.84"]
[White "Wolff, Marie Antoinette"]
[Black "Fontaine, Constantin"]
[Result "1-0"]
[WhiteElo "1780"]
[BlackElo "1487"]
[PlyCount "47"]
[EventDate "2018.??.??"]
[WhiteTeam "Leegebrucher SF"]
[BlackTeam "SK Tempelhof 1931"]

1. d4 c5 2. e3 cxd4 3. exd4 g6 4. Nf3 Bg7 5. Be3 Nf6 6. c4 O-O 7. Nc3 d5 8. Rc1
dxc4 9. Bxc4 b6 10. O-O Ba6 11. Nb5 Nd5 12. Qb3 Nxe3 13. fxe3 Nc6 14. Ng5 e6
15. Nxf7 Na5 16. Nxd8 Nxb3 17. Rxf8+ Bxf8 18. Bxe6+ Kg7 19. Rc7+ Kh6 20. Nf7+
Kh5 21. Bxb3 Bxb5 22. Bd1+ Kh4 23. g3+ Kh3 24. Ng5# 1-0

[Event "Lichtenberger Sommer 2018"]
[Site "?"]
[Date "2018.08.19"]
[Round "2.85"]
[White "Zinnecker, Peter"]
[Black "Schulz-Runge, Michael"]
[Result "1/2-1/2"]
[WhiteElo "1401"]
[BlackElo "1758"]
[PlyCount "67"]
[EventDate "2018.??.??"]
[WhiteTeam "SV Teutonia Coerde"]
[BlackTeam "FS Dortmund"]

1. c4 e5 2. g3 Nf6 3. Bg2 d5 4. cxd5 Nxd5 5. Nc3 Nf6 6. d3 h6 7. Nf3 Nc6 8. O-O
Be7 9. a3 O-O 10. b4 a6 11. Bb2 Be6 12. Rc1 Nd7 13. e3 Nb6 14. Qc2 f5 15. Ne2
Bd6 16. Rfe1 Qe8 17. Nd2 f4 18. exf4 exf4 19. Bxc6 bxc6 20. Qc3 Rf7 21. Nxf4
Bxf4 22. gxf4 Rf6 23. f5 Na4 24. Rxe6 Qxe6 25. fxe6 Nxc3 26. Bxc3 Rxe6 27. Ne4
Rd8 28. Nc5 Rg6+ 29. Kf1 Rd5 30. Re1 Rh5 31. Re8+ Kf7 32. Re3 Rxh2 33. Rf3+ Ke7
34. Re3+ 1/2-1/2

[Event "Lichtenberger Sommer 2018"]
[Site "?"]
[Date "2018.08.19"]
[Round "2.86"]
[White "Langner, Hans-Rainer"]
[Black "Karyah, Thomas"]
[Result "0-1"]
[WhiteElo "1603"]
[BlackElo "1683"]
[PlyCount "138"]
[EventDate "2018.??.??"]
[WhiteTeam "TSV Mariendorf"]
[BlackTeam "SC Zugzwang 95 (Berlin)"]

1. d4 Nf6 2. c4 e5 3. dxe5 Ng4 4. Nf3 Nc6 5. e3 Ngxe5 6. Be2 Qf6 7. O-O d6 8.
Nc3 Be6 9. Nd5 Qd8 10. Qa4 Bd7 11. Qa3 Ne7 12. Nxe5 dxe5 13. Qb3 Nxd5 14. cxd5
Rb8 15. Bd2 Bd6 16. e4 O-O 17. Qg3 f5 18. Bg5 Qe8 19. f4 exf4 20. Bxf4 Bc5+ 21.
Kh1 Qxe4 22. Bh6 Qe7 23. Bc4 Bd6 24. Bf4 Kh8 25. Rae1 Qf6 26. Bxd6 cxd6 27. Rf2
Rbe8 28. Ref1 g6 29. Qb3 b6 30. g4 Qd4 31. Qc3 Qxc3 32. bxc3 Rc8 33. Bb3 Rxc3
34. gxf5 Bxf5 35. Kg1 Rfc8 36. h4 Rh3 37. Rh2 Rcc3 38. Rxh3 Rxh3 39. Rf4 a5 40.
Bc4 Rg3+ 41. Kf2 Rc3 42. a4 Kg7 43. Bb5 Kf6 44. Rd4 Ke5 45. Rd2 Rh3 46. Bc6
Rxh4 47. Re2+ Re4 48. Rb2 Rb4 49. Re2+ Kf4 50. Re8 Rb2+ 51. Ke1 h5 52. Rd8 Ke3
53. Re8+ Be4 54. Rxe4+ Kxe4 55. Be8 Ke3 56. Kd1 Rg2 57. Bf7 h4 58. Be6 g5 59.
Bh3 Rg3 60. Bf5 g4 61. Kc2 h3 62. Kc3 h2 63. Kc4 h1=Q 64. Be6 Qe4+ 65. Kb5 Kf4
66. Kxb6 Rb3+ 67. Kc7 Ke5 68. Kd7 g3 69. Kc7 Qh7+ 0-1

[Event "Lichtenberger Sommer 2018"]
[Site "?"]
[Date "2018.08.19"]
[Round "2.87"]
[White "Fiß, Wolfgang"]
[Black "Jiranek, Benno"]
[Result "1-0"]
[WhiteElo "1757"]
[BlackElo "1469"]
[PlyCount "87"]
[EventDate "2018.??.??"]
[WhiteTeam "SC Oranienburg"]
[BlackTeam "SC Kreuzberg"]

1. d4 d5 2. Nf3 Nf6 3. Bf4 Bf5 4. e3 e6 5. Bd3 Bxd3 6. Qxd3 c6 7. Qb3 Qb6 8.
Nbd2 Qxb3 9. Nxb3 Be7 10. Ne5 Nh5 11. Bg3 Nxg3 12. hxg3 f6 13. Nd3 b6 14. Rc1
O-O 15. c4 dxc4 16. Rxc4 Rc8 17. Nf4 e5 18. dxe5 fxe5 19. Nd3 Nd7 20. e4 b5 21.
Rc2 c5 22. Kd2 c4 23. Rhc1 Nb6 24. Nxe5 Bb4+ 25. Kd1 cxb3 26. axb3 Rxc2 27.
Rxc2 Rc8 28. Nc6 Bf8 29. f4 Kf7 30. g4 h6 31. f5 Ke8 32. Ne5 Ke7 33. Ng6+ Ke8
34. Rc3 Kd7 35. Ne5+ Ke7 36. Ng6+ Ke8 37. Rd3 Rd8 38. Rxd8+ Kxd8 39. Nxf8 Ke7
40. Ng6+ Ke8 41. Kd2 Nd7 42. e5 Nf8 43. Nxf8 Kxf8 44. Kc3 1-0

[Event "Lichtenberger Sommer 2018"]
[Site "?"]
[Date "2018.08.19"]
[Round "2.88"]
[White "Tschirschwitz, Stephan"]
[Black "Becker, Werner"]
[Result "1/2-1/2"]
[WhiteElo "1530"]
[BlackElo "1689"]
[PlyCount "91"]
[EventDate "2018.??.??"]
[WhiteTeam "Lasker Steglitz-Wilmersdorf"]
[BlackTeam "SV Königsee"]

1. c4 e6 2. d4 d5 3. Nf3 dxc4 4. Qa4+ Bd7 5. Qxc4 a6 6. Bf4 Bd6 7. Bxd6 cxd6 8.
Qb4 Bc6 9. Nbd2 d5 10. e3 Ne7 11. Bd3 Nd7 12. O-O O-O 13. a4 Rb8 14. Qd6 Nf6
15. Qxd8 Rfxd8 16. Ne5 Rdc8 17. b3 Be8 18. Rfc1 Nc6 19. Nxc6 Bxc6 20. Nf3 Ne4
21. Rc2 f6 22. Rac1 Nd6 23. Nd2 Be8 24. Rxc8 Rxc8 25. Rxc8 Nxc8 26. f3 Nd6 27.
a5 Bb5 28. Bxb5 Nxb5 29. Nb1 Kf7 30. Kf2 f5 31. f4 Kf6 32. Ke2 Ke7 33. Kd3 Nd6
34. Nc3 Ne4 35. Nxe4 fxe4+ 36. Kc3 Kd6 37. Kb4 Kc6 38. g4 g6 39. g5 Kd6 40. Kc3
Kc6 41. b4 b6 42. axb6 Kxb6 43. Kb3 Kb5 44. h3 a5 45. bxa5 Kxa5 46. Ka3 1/2-1/2

[Event "Lichtenberger Sommer 2018"]
[Site "?"]
[Date "2018.08.19"]
[Round "2.89"]
[White "Bode, Jan-Michael"]
[Black "Jouani, Zakharia"]
[Result "0-1"]
[WhiteElo "1874"]
[BlackElo "1243"]
[PlyCount "114"]
[EventDate "2018.??.??"]
[WhiteTeam "SW Lichtenrade"]
[BlackTeam "SK Zehlendorf"]

1. d4 d5 2. Nf3 Nc6 3. Bf4 Bf5 4. e3 e6 5. c3 Nf6 6. Bb5 Be7 7. Ne5 O-O 8. Bxc6
bxc6 9. Nxc6 Qd7 10. Ne5 Qb5 11. b3 Rab8 12. a4 Qxb3 13. Qxb3 Rxb3 14. O-O Bd6
15. f3 Rfb8 16. Nd2 Rxc3 17. g4 Bg6 18. Rfc1 Rxc1+ 19. Rxc1 h6 20. h4 Bh7 21.
Nc6 Bxf4 22. exf4 Rb7 23. Nf1 a6 24. Ne3 Rb1 25. Rxb1 Bxb1 26. a5 Bd3 27. Kf2
Kf8 28. Nb4 Bb5 29. Ke1 Ke7 30. g5 Ne8 31. f5 Nd6 32. f6+ gxf6 33. gxh6 Kf8 34.
Ng4 Ne8 35. Kd2 f5 36. Ne5 Nd6 37. Ke3 Nc4+ 38. Nxc4 dxc4 39. Na2 Kg8 40. Nc3
Bc6 41. Kf4 f6 42. Ke3 Kh7 43. f4 Kxh6 44. d5 exd5 45. Kd4 Kh5 46. Ne2 Kxh4 47.
Ke3 Bd7 48. Nc3 Bc6 49. Ne2 Kh5 50. Nd4 Bd7 51. Nc2 c5 52. Kf3 Kh4 53. Ne3 Bc6
54. Ng2+ Kh5 55. Ne1 Kh4 56. Ng2+ Kh3 57. Ne1 d4+ 0-1

[Event "Lichtenberger Sommer 2018"]
[Site "?"]
[Date "2018.08.19"]
[Round "2.90"]
[White "Kirves, Martin"]
[Black "Müller, Johannes"]
[Result "1-0"]
[WhiteElo "1332"]
[BlackElo "1775"]
[PlyCount "82"]
[EventDate "2018.??.??"]
[WhiteTeam "BSC Rehberge"]
[BlackTeam "SC Eintracht Berlin"]

1. d4 d5 2. c4 e6 3. Nc3 f5 4. Nf3 Nf6 5. g3 c6 6. cxd5 exd5 7. Bf4 Bd6 8. Bxd6
Qxd6 9. Ne5 O-O 10. e3 Nbd7 11. f4 a6 12. Qc2 Ne4 13. Nxe4 fxe4 14. O-O-O Nxe5
15. dxe5 Qb4 16. h3 a5 17. g4 b5 18. Qxc6 Ra6 19. Qxb5 Qe7 20. f5 Bb7 21. e6
Qc7+ 22. Kb1 Rc6 23. Qe2 Rc8 24. Qe1 Rc2 25. Bb5 Qb6 26. a4 Qc5 27. Rd2 Kf8 28.
Qd1 Rxd2 29. Qxd2 Ke7 30. Rc1 Qb6 31. Rxc8 Bxc8 32. Qc3 Bxe6 33. fxe6 Kxe6 34.
Qxg7 Qxe3 35. Qxh7 Qe1+ 36. Ka2 Qd2 37. Qf5+ Kd6 38. Qf6+ Kc5 39. Qc3+ Qxc3 40.
bxc3 d4 41. cxd4+ Kxd4 1-0

[Event "Lichtenberger Sommer 2018"]
[Site "?"]
[Date "2018.08.19"]
[Round "2.91"]
[White "Prix, Siegfried"]
[Black "Kossueva, Fatima"]
[Result "1-0"]
[WhiteElo "1739"]
[BlackElo "1365"]
[PlyCount "37"]
[EventDate "2018.??.??"]
[WhiteTeam "SF 1903 Berlin"]
[BlackTeam "SC Friesen Lichtenberg"]

1. e4 Nf6 2. e5 Nd5 3. d4 d6 4. Nf3 Bg4 5. Be2 Bxf3 6. Bxf3 dxe5 7. c4 Nb6 8.
Bxb7 exd4 9. c5 Nc4 10. Bxa8 c6 11. O-O e5 12. Qa4 Na5 13. Bd2 Bxc5 14. Bxa5
Qd5 15. Bb4 O-O 16. Bxc5 Qxc5 17. Nd2 Rc8 18. Rac1 Qd5 19. Qxa7 1-0

[Event "Lichtenberger Sommer 2018"]
[Site "?"]
[Date "2018.08.19"]
[Round "2.92"]
[White "Torosyan, Bagrat"]
[Black "Ostwald, Tobias"]
[Result "0-1"]
[WhiteElo "1309"]
[BlackElo "1796"]
[PlyCount "114"]
[EventDate "2018.??.??"]
[WhiteTeam "Schachpinguine Berlin"]
[BlackTeam "MSA Zugzwang"]

1. e4 c5 2. Nf3 Nc6 3. d4 cxd4 4. Nxd4 e5 5. Nb5 d6 6. N1c3 a6 7. Na3 b5 8. Nd5
Nf6 9. Bg5 Be7 10. Nxe7 Qxe7 11. c3 O-O 12. Qf3 h6 13. Bxf6 Qxf6 14. Qxf6 gxf6
15. Be2 Be6 16. O-O-O Rfd8 17. f4 Bxa2 18. f5 d5 19. exd5 Bxd5 20. Rhg1 Na5 21.
Rxd5 Rxd5 22. Bf3 Rad8 23. Bxd5 Rxd5 24. b4 Nc4 25. Nxc4 bxc4 26. Kc2 Kh7 27.
g4 h5 28. gxh5 Kh6 29. h4 Rd6 30. Rg4 Rc6 31. Kd2 Kxh5 32. Rg7 Kxh4 33. Kc2 Rd6
34. Rxf7 Kg4 35. Rc7 Kxf5 36. Rxc4 e4 37. Rc5+ Kf4 38. c4 e3 39. Rd5 Rxd5 40.
cxd5 Ke5 41. d6 Kxd6 42. Kd3 Kd5 43. Kxe3 Kc4 44. Kf4 Kxb4 45. Kf5 a5 46. Kxf6
a4 47. Ke5 a3 48. Ke4 a2 49. Kd5 a1=Q 50. Ke4 Kc4 51. Kf5 Qd4 52. Ke6 Qd5+ 53.
Kf6 Kd4 54. Ke7 Ke5 55. Ke8 Qb7 56. Kf8 Kf6 57. Ke8 Qe7# 0-1

[Event "Lichtenberger Sommer 2018"]
[Site "?"]
[Date "2018.08.19"]
[Round "2.93"]
[White "Jugert, Ole"]
[Black "Paris, Gerhard"]
[Result "1-0"]
[WhiteElo "1650"]
[BlackElo "1455"]
[PlyCount "105"]
[EventDate "2018.??.??"]
[WhiteTeam "vereinslos"]
[BlackTeam "TSG Oberschöneweide"]

1. d4 Nf6 2. c4 g6 3. Nc3 d6 4. e4 Bg7 5. Nf3 O-O 6. Be2 e5 7. O-O exd4 8. Nxd4
Nc6 9. Nxc6 bxc6 10. Be3 c5 11. f3 Rb8 12. Qd2 Bd7 13. Rab1 a5 14. Nd5 Nxd5 15.
cxd5 f5 16. b3 a4 17. Bc4 a3 18. Rbd1 Qf6 19. Qa5 Qd8 20. Qxa3 Ra8 21. Qc1 Rxa2
22. b4 Ra1 23. Qd2 Rxd1 24. Rxd1 cxb4 25. Qxb4 Qb8 26. Qe1 fxe4 27. fxe4 Be5
28. Rb1 Qd8 29. g3 Qf6 30. Bf1 Bd4 31. Bg2 Bg4 32. Qd2 Bxe3+ 33. Qxe3 Bf3 34.
Rf1 Qb2 35. Rxf3 Qb1+ 36. Rf1 Rxf1+ 37. Bxf1 Qb6 38. Kf2 Kf7 39. Kf3 Qb1 40.
Bg2 Qd1+ 41. Qe2 Qb3+ 42. Kg4 Qc3 43. Qf3+ Qxf3+ 44. Kxf3 Kf6 45. h4 Ke5 46.
Kg4 h6 47. h5 Kf6 48. hxg6 Kxg6 49. Kf4 Kf6 50. Bf3 Kg6 51. e5 dxe5+ 52. Kxe5
Kf7 53. Kf5 1-0

[Event "Lichtenberger Sommer 2018"]
[Site "?"]
[Date "2018.08.19"]
[Round "2.94"]
[White "Franke, Lukas"]
[Black "Lee, Kwan Ho"]
[Result "1-0"]
[WhiteElo "1287"]
[BlackElo "1650"]
[PlyCount "93"]
[EventDate "2018.??.??"]
[WhiteTeam "Königsjäger Süd-West"]
[BlackTeam "Hong Kong Chess Federation"]

1. d4 d5 2. Bf4 e6 3. e3 Nf6 4. Nf3 Nbd7 5. c3 c5 6. Bd3 cxd4 7. cxd4 Qb6 8.
Nc3 Qxb2 9. Nb5 Bb4+ 10. Kf1 Ng4 11. Bg3 O-O 12. h3 a6 13. hxg4 h6 14. Rb1 Qxa2
15. Rxb4 axb5 16. g5 Qa3 17. Rxb5 hxg5 18. Nxg5 Nf6 19. Nh7 Nxh7 20. Bxh7+ Kh8
21. Bb1+ Kg8 22. Qh5 Qc1+ 23. Ke2 Qxh1 24. Qxh1 g6 25. Rb2 Kg7 26. Qh4 f6 27.
Bd6 Rh8 28. Qg3 g5 29. Bb8 e5 30. Bxe5 fxe5 31. Qxg5+ Kf8 32. Qf6+ Kg8 33. Bg6
Bg4+ 34. f3 Bxf3+ 35. Kxf3 Rf8 36. Qxf8+ Kxf8 37. dxe5 Rg8 38. Bd3 Rg7 39. Rb5
Rf7+ 40. Ke2 Rg7 41. Rxd5 Rxg2+ 42. Kf3 Rb2 43. Ke4 Ke7 44. Rb5 Rxb5 45. Bxb5
Ke6 46. Kd4 b6 47. Ke4 1-0

[Event "Lichtenberger Sommer 2018"]
[Site "?"]
[Date "2018.08.19"]
[Round "2.95"]
[White "Wallmann, Bodo"]
[Black "Schubert, Vincent"]
[Result "1/2-1/2"]
[WhiteElo "1814"]
[BlackElo "1296"]
[PlyCount "87"]
[EventDate "2018.??.??"]
[WhiteTeam "SC Kreuzberg"]
[BlackTeam "Borussia Lichtenberg"]

1. d4 d5 2. Nf3 Bf5 3. c4 c6 4. Nc3 e6 5. cxd5 exd5 6. e3 h6 7. Bd3 Bxd3 8.
Qxd3 Bd6 9. e4 dxe4 10. Nxe4 Bc7 11. O-O Ne7 12. Be3 O-O 13. Nc3 Nd7 14. Rfd1
Nf6 15. Qc4 Ned5 16. Nxd5 Qxd5 17. Qb4 Rab8 18. h3 Rfe8 19. a3 Qa5 20. Qc4 Nd5
21. Bd2 Qb6 22. b4 Bf4 23. Bxf4 Nxf4 24. Re1 Nd5 25. Ne5 Qc7 26. Rac1 Qd6 27.
g3 Re7 28. Nf3 Rbe8 29. Rxe7 Rxe7 30. Kg2 Kf8 31. Qd3 Qg6 32. Qxg6 fxg6 33. Ne5
Re6 34. Rc5 Nb6 35. Kf3 Ke7 36. Rc2 Nd7 37. Nc4 b6 38. Ne3 Kd6 39. Rd2 Nf6 40.
Nc4+ Kd5 41. Ne3+ Kd6 42. Nc4+ Kd5 43. Ne3+ Kd6 44. Nc4+ 1/2-1/2

[Event "Lichtenberger Sommer 2018"]
[Site "?"]
[Date "2018.08.19"]
[Round "2.96"]
[White "Toth, Hans-Jürgen"]
[Black "Regel, Michael"]
[Result "0-1"]
[WhiteElo "1452"]
[BlackElo "1692"]
[PlyCount "92"]
[EventDate "2018.??.??"]
[WhiteTeam "SF Zehdenick"]
[BlackTeam "SC Friesen Lichtenberg"]

1. f4 d5 2. Nf3 Bg4 3. e3 Nd7 4. b3 Ngf6 5. Be2 Bxf3 6. Bxf3 e5 7. fxe5 Nxe5 8.
O-O Bd6 9. Bb2 Qe7 10. d4 Ng6 11. Qe2 O-O 12. a4 Rfe8 13. Bc1 Nh4 14. Nc3 c6
15. Nd1 Qc7 16. h3 Nf5 17. Nf2 Ng3 18. Qd3 Nxf1 19. Kxf1 Ne4 20. Bxe4 dxe4 21.
Nxe4 Rad8 22. c4 Qe7 23. Nxd6 Rxd6 24. Ke2 Qg5 25. g4 Qh4 26. e4 Rde6 27. e5 c5
28. Bb2 cxd4 29. Bxd4 Qg5 30. Rf1 f6 31. Rf5 Qh6 32. Rh5 Qg6 33. Qxg6 hxg6 34.
Rh4 g5 35. Rh5 g6 36. Rh6 Kg7 37. Rxg6+ Kxg6 38. Kd3 Rd8 39. Ke4 fxe5 40. Bxa7
Rd1 41. b4 Ra6 42. Bc5 Re1+ 43. Kd5 Rxa4 44. Bd6 e4 45. b5 Rd1+ 46. Kc5 Rxd6
0-1

[Event "Lichtenberger Sommer 2018"]
[Site "?"]
[Date "2018.08.19"]
[Round "2.97"]
[White "Kujawa, Werner"]
[Black "Ruddat, Jarne"]
[Result "1-0"]
[WhiteElo "1726"]
[BlackElo "1347"]
[PlyCount "49"]
[EventDate "2018.??.??"]
[WhiteTeam "SV Motor Wildau"]
[BlackTeam "SV Rüdersdorf"]

1. e4 e5 2. Nf3 Nc6 3. Bb5 a6 4. Ba4 Nf6 5. O-O Bc5 6. c3 b5 7. Bc2 d5 8. exd5
Qxd5 9. d4 exd4 10. Bb3 Qd6 11. Re1+ Be6 12. Ng5 Nd8 13. Qf3 Rb8 14. Bf4 Qd7
15. cxd4 Bxd4 16. Nc3 Bxc3 17. Qxc3 Rb7 18. Rad1 Qc8 19. Nxe6 Nxe6 20. Qc6+ Kf8
21. Bd6+ Kg8 22. Rxe6 Rb6 23. Re7 h6 24. Bxf7+ Kh7 25. Qc2+ 1-0

[Event "Lichtenberger Sommer 2018"]
[Site "?"]
[Date "2018.08.19"]
[Round "2.98"]
[White "Geist, Wolfgang"]
[Black "Bollenbach, Horst"]
[Result "0-1"]
[WhiteElo "1416"]
[BlackElo "1736"]
[PlyCount "68"]
[EventDate "2018.??.??"]
[WhiteTeam "SC Weisse Dame (Berlin)"]
[BlackTeam "SC Friesen Lichtenberg"]

1. d4 d5 2. Nf3 Nf6 3. g3 Bf5 4. Bg2 Nbd7 5. Nbd2 h6 6. Nb3 e6 7. c3 Bd6 8. O-O
O-O 9. Be3 b6 10. Nbd2 c5 11. Nh4 Bh7 12. Nhf3 Rc8 13. Rc1 Ng4 14. a3 Ndf6 15.
Bf4 Bxf4 16. gxf4 Ne4 17. h3 Ngf6 18. e3 Nxd2 19. Nxd2 cxd4 20. cxd4 Qd7 21.
Rxc8 Rxc8 22. Nf3 Qb5 23. Qd2 Rc2 24. Qb4 Qxb4 25. axb4 Rxb2 26. Ne5 Rxb4 27.
Nc6 Ra4 28. Ne7+ Kf8 29. Nc8 Bd3 30. Re1 Ke8 31. Rc1 Kd7 32. Bf1 Bxf1 33. Kxf1
Ra2 34. f3 b5 0-1

[Event "Lichtenberger Sommer 2018"]
[Site "?"]
[Date "2018.08.19"]
[Round "2.99"]
[White "Völler, Lothar"]
[Black "Morczynski, Ryszard"]
[Result "1-0"]
[WhiteElo "1689"]
[BlackElo "1284"]
[PlyCount "59"]
[EventDate "2018.??.??"]
[WhiteTeam "FS Dortmund"]
[BlackTeam "SK Zehlendorf"]

1. e4 g6 2. Nf3 Bg7 3. Bc4 e6 4. O-O Ne7 5. d4 c6 6. e5 d5 7. exd6 Qxd6 8. c3
b5 9. Bb3 O-O 10. Nbd2 f5 11. Re1 Nd5 12. Nf1 f4 13. Ne5 Nd7 14. Nxd7 Bxd7 15.
f3 g5 16. Nd2 Nf6 17. Ne4 Nxe4 18. fxe4 Kh8 19. e5 Qc7 20. Qg4 Rf5 21. Bc2 Raf8
22. Bxf5 exf5 23. Qxg5 Rg8 24. Qxf4 c5 25. Be3 Qc6 26. Re2 Be8 27. dxc5 Bh5 28.
Rf2 Bf8 29. Bd4 Rg4 30. Qxf5 1-0

[Event "Lichtenberger Sommer 2018"]
[Site "?"]
[Date "2018.08.19"]
[Round "2.100"]
[White "Eichstädt, Torsten"]
[Black "Ho, Ngoc Hai-Dang"]
[Result "0-1"]
[WhiteElo "1361"]
[BlackElo "1582"]
[PlyCount "102"]
[EventDate "2018.??.??"]
[WhiteTeam "SC Friesen Lichtenberg"]
[BlackTeam "SV Mattnetz Berlin"]

1. d4 Nf6 2. c4 e5 3. dxe5 Ng4 4. Nf3 Nc6 5. e6 Bb4+ 6. Nc3 Bxc3+ 7. bxc3 dxe6
8. Qxd8+ Nxd8 9. Bf4 c5 10. h3 Nf6 11. Nd2 Nc6 12. Bd6 b6 13. Rd1 Bb7 14. e3
O-O-O 15. Bg3 Rd7 16. Be2 Rhd8 17. e4 Na5 18. f3 Ba6 19. e5 Ne8 20. Ne4 Rxd1+
21. Bxd1 h6 22. Be2 Bxc4 23. Nd6+ Nxd6 24. exd6 Bxe2 25. Kxe2 Nc4 26. Rd1 Kb7
27. Bh2 Kc6 28. d7 Rxd7 29. Rxd7 Kxd7 30. Kd3 b5 31. Bb8 a6 32. Bh2 Kc6 33. g4
Kd5 34. f4 a5 35. Bg1 a4 36. Bf2 b4 37. Kc2 Na3+ 38. Kb2 Kc4 39. Be1 Nb5 40.
cxb4 cxb4 41. Kc2 b3+ 42. axb3+ axb3+ 43. Kb2 Nc7 44. Bc3 g6 45. Be5 Na6 46.
Bf6 Nc5 47. g5 h5 48. h4 Na4+ 49. Kb1 b2 50. Bxb2 Nxb2 51. Kxb2 Kd4 0-1

[Event "Lichtenberger Sommer 2018"]
[Site "?"]
[Date "2018.08.19"]
[Round "2.101"]
[White "Hesselbarth, Karlheinz"]
[Black "Ruddat, Mathias"]
[Result "1/2-1/2"]
[WhiteElo "1723"]
[BlackElo "1399"]
[PlyCount "74"]
[EventDate "2018.??.??"]
[WhiteTeam "SC Zugzwang 95 (Berlin)"]
[BlackTeam "SV Rüdersdorf"]

1. d4 Nf6 2. c4 d5 3. cxd5 Nxd5 4. Nf3 Bf5 5. g3 e6 6. Bg2 Be4 7. O-O Be7 8.
Nbd2 Bg6 9. e4 Nf6 10. Re1 O-O 11. b3 c5 12. Bb2 Nc6 13. dxc5 Bxc5 14. Rc1 Bb6
15. Nh4 Bh5 16. Bf3 Bxf3 17. Nhxf3 Nb4 18. Ne5 Nxa2 19. Rc4 Rc8 20. Qc2 Nb4 21.
Qc3 Ba5 22. Ra1 Na2 23. Rxc8 Bxc3 24. Rxd8 Rxd8 25. Bxc3 Nxc3 26. Rxa7 Ncxe4
27. Nxe4 Nxe4 28. Rxb7 Nd6 29. Rb4 f6 30. Nc4 Nxc4 31. bxc4 Rc8 32. Kf1 Kf8 33.
Ke2 Ke7 34. Kd3 Rc7 35. Kc3 Kd7 36. Rb6 Rc6 37. Rb7+ Rc7 1/2-1/2

[Event "Lichtenberger Sommer 2018"]
[Site "?"]
[Date "2018.08.19"]
[Round "2.102"]
[White "Dittrich, Hans-Jürgen"]
[Black "Wahner, Eberhard"]
[Result "0-1"]
[WhiteElo "1307"]
[BlackElo "1605"]
[PlyCount "86"]
[EventDate "2018.??.??"]
[WhiteTeam "SC Eintracht Berlin"]
[BlackTeam "SC Eintracht Berlin"]

1. d4 Nf6 2. Bf4 e6 3. c3 d5 4. Nf3 c5 5. e3 Nc6 6. c4 cxd4 7. Nxd4 Bd7 8. Nxc6
Bxc6 9. Nd2 Bb4 10. a3 Be7 11. b4 dxc4 12. Nxc4 Bd5 13. Be2 Rc8 14. Rc1 O-O 15.
O-O h6 16. Qa4 a6 17. Qd1 b5 18. Ne5 Qb6 19. Ng4 Rfd8 20. Rxc8 Rxc8 21. Be5
Nxg4 22. Bxg4 Bg5 23. Bd4 Qb7 24. Bf3 Rd8 25. Bxd5 Rxd5 26. Qg4 f5 27. Qh5 Qe7
28. Rc1 f4 29. Rc8+ Kh7 30. h4 Bxh4 31. Bc5 Rxh5 32. Bxe7 Bxe7 33. exf4 e5 34.
fxe5 Rxe5 35. Rc6 Bg5 36. Kh2 Bf4+ 37. g3 Bd2 38. Kh3 Rf5 39. Rxa6 Rxf2 40. Rb6
Rf5 41. Kg4 Rd5 42. Kf3 Bc1 43. Ra6 Rd3+ 0-1

[Event "Lichtenberger Sommer 2018"]
[Site "?"]
[Date "2018.08.19"]
[Round "2.103"]
[White "Schwager, Thomas"]
[Black "Motsch, Sebastian"]
[Result "1-0"]
[WhiteElo "1628"]
[BlackElo "1292"]
[PlyCount "79"]
[EventDate "2018.??.??"]
[WhiteTeam "SC Friesen Lichtenberg"]
[BlackTeam "vereinslos"]

1. d4 d5 2. Bf4 Bf5 3. e3 e6 4. c3 Nf6 5. Be2 Be7 6. Nf3 h6 7. Ne5 O-O 8. Nd2
Nbd7 9. O-O c5 10. h3 Rc8 11. g4 Bh7 12. g5 hxg5 13. Bxg5 Ne4 14. Bxe7 Qxe7 15.
Nxd7 Qxd7 16. Nxe4 Bxe4 17. Bd3 Bxd3 18. Qxd3 c4 19. Qe2 Rce8 20. Kh1 e5 21.
Kh2 e4 22. Rg1 Qd6+ 23. Rg3 f5 24. Rag1 Re6 25. Kh1 g6 26. Qh5 Rff6 27. Qh6 b5
28. a3 a6 29. h4 Kf7 30. h5 f4 31. Rxg6 fxe3 32. fxe3 Rf3 33. Qh7+ Ke8 34. Rg8+
Rf8 35. Rxf8+ Qxf8 36. Rg8 Re7 37. Qg6+ Rf7 38. Qe6+ Re7 39. Qc8+ Kf7 40. Qxf8+
1-0

[Event "Lichtenberger Sommer 2018"]
[Site "?"]
[Date "2018.08.19"]
[Round "2.104"]
[White "Lange, Christoph"]
[Black "Zielke, Ansgar"]
[Result "0-1"]
[WhiteElo "1268"]
[BlackElo "1608"]
[PlyCount "98"]
[EventDate "2018.??.??"]
[WhiteTeam "TSG Oberschöneweide"]
[BlackTeam "Borussia Lichtenberg"]

1. e4 c5 2. Nf3 e6 3. d4 cxd4 4. Nxd4 Nc6 5. Be3 Qc7 6. Nc3 a6 7. Be2 Nf6 8.
Qd2 Bb4 9. f3 b5 10. a3 Be7 11. b4 Nxb4 12. O-O Nc6 13. Nxc6 dxc6 14. Rfd1 O-O
15. Bf4 Qb6+ 16. Be3 Bc5 17. Bxc5 Qxc5+ 18. Qd4 Qxd4+ 19. Rxd4 Bb7 20. Rad1
Rfe8 21. Na2 Kf8 22. Nc1 c5 23. Rd6 Rac8 24. Kf2 Ke7 25. R6d2 Red8 26. Rxd8
Rxd8 27. Rxd8 Kxd8 28. Nd3 Nd7 29. Ke3 e5 30. c3 Kc7 31. Bd1 g5 32. Nf2 h5 33.
Bb3 c4 34. Bd1 Nc5 35. Be2 f6 36. h3 Kb6 37. Bd1 Ka5 38. g4 h4 39. Bc2 Nb3 40.
Nd1 Ka4 41. Bxb3+ cxb3 42. Kd2 Kxa3 43. Kc1 Ka2 44. Nb2 a5 45. Nd3 a4 46. Nb4+
Ka1 47. Nd3 a3 48. Nc5 b2+ 49. Kc2 b1=Q+ 0-1

[Event "Lichtenberger Sommer 2018"]
[Site "?"]
[Date "2018.08.19"]
[Round "2.105"]
[White "Tedesco, Gennaro"]
[Black "Zoller, Julia"]
[Result "1-0"]
[WhiteElo "1604"]
[BlackElo "854"]
[PlyCount "72"]
[EventDate "2018.??.??"]
[WhiteTeam "SC Kreuzberg"]
[BlackTeam "SC Friesen Lichtenberg"]

1. d4 d5 2. c4 e6 3. Nf3 Nf6 4. g3 g6 5. Bg2 Bg7 6. O-O O-O 7. Bg5 Nbd7 8. Qb3
c6 9. Nc3 dxc4 10. Qxc4 Qb6 11. Na4 Qc7 12. Bf4 Qa5 13. Bd2 Qh5 14. Nc3 Nb6 15.
Qb3 e5 16. Nxe5 Ng4 17. Nxg4 Bxg4 18. e3 Nd7 19. Rac1 Nf6 20. Ne4 Rae8 21.
Nxf6+ Bxf6 22. Rc5 g5 23. Bb4 Re6 24. Rfc1 b6 25. Rxc6 Rfe8 26. Rc7 Bf3 27.
Rxa7 g4 28. Qd3 Bxg2 29. Kxg2 Qh3+ 30. Kg1 Be7 31. Bxe7 Rh6 32. Bh4 Kh8 33. Qf5
Rf8 34. Rxf7 Rxf7 35. Qxf7 Rg6 36. Qf8+ Rg8 1-0

[Event "Lichtenberger Sommer 2018"]
[Site "?"]
[Date "2018.08.19"]
[Round "2.106"]
[White "Nguyen, Phuc Nhat"]
[Black "Vesely, Martin"]
[Result "0-1"]
[WhiteElo "1255"]
[BlackElo "1703"]
[PlyCount "50"]
[EventDate "2018.??.??"]
[WhiteTeam "SC Zugzwang 95 (Berlin)"]
[BlackTeam "SV Berlin-Friedrichstadt"]

1. e4 c5 2. Nf3 Nc6 3. d4 cxd4 4. Nxd4 d6 5. Bb5 Bd7 6. Nxc6 Bxc6 7. Bc4 Bxe4
8. Qg4 Bc6 9. Nc3 Nf6 10. Qh3 g6 11. Bg5 Bg7 12. O-O-O O-O 13. Bh6 Rc8 14. Bd5
Nxd5 15. Bxg7 Kxg7 16. Nxd5 Bxd5 17. Rxd5 Qc7 18. c3 Qc4 19. Ra5 a6 20. Qf3 Qc6
21. Qg3 b5 22. h4 b4 23. Kd2 Qb6 24. Rg5 bxc3+ 25. bxc3 Qb2+ 0-1